{"text_format":"2","workbook":"xlsx","n_sheets":1,"sheets":["ANEXO II"],"not_rendered":{"charts":0,"images":0,"macros":0,"external_links":0,"defined_names":6,"comments":0,"pivot_tables":0},"unopened":[],"bounds":{"document_bytes":16777216,"sheet_cells":100000,"run_cost":"one","rows_first":2000,"rows_last":500,"rows_between":2000,"halvings":0,"cell_chars":16384,"cell_head_chars":4096},"cells_cut":0,"cells_raw":0,"read":"whole","date_system":"1900"}

{"sheet":"ANEXO II","index":0,"n_rows":18,"n_cols":8,"rows_kept":18,"cut":false,"hidden":false,"merged":[[0,0,0,7],[17,0,17,6]]}
["PLANILHA DE ESPECIFICAÇÕES, QUANTITATIVOS E PREÇOS ESTIMADOS"]
[]
["Item","CATMAT","Descrição do produto - Especificação Técnica","Unidade","Cota","Quant. \nMáxima Anual","Valor Unitário Máximo (R$)","Valor Total (R$)"]
[1,93521,"Roçadeira hidraulica articulada - nova, completa, pronta para uso, acionada por tomada de força, estrutura de engate do terceiro ponto, largura de corte mínimo 1,50 m, mínimo 02(duas) facas, proteção lateral em chapas de aço, altura de corte mínimo 100 mm, cardan com protetor incluso. Para uso em tratores com mínimo de 100 CV de potência. Com entrega técnica. Logomarca da CODEVASF silkada em local vísivel, conforme modelo no edital. Garantia mínima de 12 meses. Assistência Técnica Autorizada no Estado de Sergipe. COTA DE 25% - Exclusivo para ME e EPP.","und.","Exclusivo para ME e EPP",5,40732.86,203664.3]
[2,93521,"Roçadeira hidraulica articulada - nova, completa, pronta para uso, acionada por tomada de força, estrutura de engate do terceiro ponto, largura de corte mínimo 1,50 m, mínimo 02(duas) facas, proteção lateral em chapas de aço, altura de corte mínimo 100 mm, cardan com protetor incluso. Para uso em tratores com mínimo de 100 CV de potência. Com entrega técnica. Logomarca da CODEVASF silkada em local vísivel, conforme modelo no edital. Garantia mínima de 12 meses. Assistência Técnica Autorizada no Estado de Sergipe. ","und.","Principal",15,40732.86,610992.9]
[3,1937,"Caminhão pipa - caminhão semi-pesado, novo, zero km, ano de fabricação mínimo 2019, cor banca, 4x2, potência mínima 180 CV, combustível diesel, direção hidráulica, 4 cilindros, cinto de segurança de 3 pontos, ar condicionado, com tapetes de borracha, sistema completo de som, PBT mínimo 16 ton. Com carroceria tipo pipa com capacidade mínima de 9.000 litros, tanque construído em aço carbono, tratamento externo com tinta epóxi, chapa em aço 1020 com no mínimo 4,50 mm, mangote, suporte para fixar mangote, válvula de sucção, fixação através de vigas em aço carbono, bomba acionada por tomada força através de cardam para auto-carregamento, com sistema traseiro para aspersão de água, com lameiro de borracha. Emplacado.  Com entrega técnica. Com logomarca da CODEVASF silkada em local vísivel, conforme modelo no edital.Assistência Técnica Autorizada no Estado de Sergipe. COTA DE 25%. Exclusivo para ME e EPP.","und.","Exclusivo para ME e EPP",8,262666.33,2101330.64]
[4,1937,"Caminhão pipa - caminhão semi-pesado, novo, zero km, ano de fabricação mínimo 2019, cor banca, 4x2, potência mínima 180 CV, combustível diesel, direção hidráulica, 4 cilindros, cinto de segurança de 3 pontos, ar condicionado, com tapetes de borracha, sistema completo de som, PBT mínimo 16 ton. Com carroceria tipo pipa com capacidade mínima de 9.000 litros, tanque construído em aço carbono, tratamento externo com tinta epóxi, chapa em aço 1020 com no mínimo 4,50 mm, mangote, suporte para fixar mangote, válvula de sucção, fixação através de vigas em aço carbono, bomba acionada por tomada força através de cardam para auto-carregamento, com sistema traseiro para aspersão de água, com lameiro de borracha. Emplacado. Com entrega técnica. Com logomarca da CODEVASF silkada em local vísivel, conforme modelo no edital.Assistência Técnica Autorizada no Estado de Sergipe. ","und.","Principal",24,262666.33,6303991.9199999999]
[5,1937,"Caminhão compactador de lixo -  novo, zero km, ano de fabricação mínimo 2019, potência mínima 175 CV, com ar-condicionado, sistema completo de som, direção hidráulica, com lameiro de borracha, cintos de segurança de 03 pontos, bancos em tecido. Com reforço de mola. Carga útil mínima de lixo a ser transportado no coletor compactador é de 3.500 kg. Motor diesel mínímo 04  cilindros. Direção hidráulica. Com COLETOR COMPACTADOR de resíduos sólidos, novo, montado, capacidade mínima de lixo compactado 6 m³, comandos hidráulicos para abertura, descarga e fechamento com comando por alavancas. Sinalização sonora de marcha ré, bomba de acionamento acoplada diretamente a tomada de força do chassi ou por meio de cardan, depósito em chapa de aço sae 1010/20, trava e destrava manual da estrutura da porta traseira acionado por cilindros hidráulicos, força de compactação mínima 8.000 Kgf, força do escudo ejetor mínima 1.300 Kgf,caixa de chorume mínima 90 Litros, teto em chapa lisa, cilindro de dupla ação e sistema de carregamento traseiro, plataforma traseira para mínimo 04 pessoas, garras de sustentação para operadores, taxa de compactação 3:1, iluminação na praça de carga traseira para trabalho noturno, sinalização conforme normas de trânsito. Emplacado. Com entrega técnica.Com logomarca da CODEVASF silkada em local vísivel, conforme modelo no edital. Assistência Técnica Autorizada, para o bem ofertado, tanto para o veículo como para o equipamento, no Estado de Sergipe.  COTA DE 25%. Exclusivo para ME e EPP.","und.","Exclusivo para ME e EPP",8,264975,2119800]
[6,1937,"Caminhão compactador de lixo -  novo, zero km, ano de fabricação mínimo 2019, potência mínima 175 CV, com ar-condicionado, sistema completo de som, direção hidráulica, com lameiro de borracha, cintos de segurança de 03 pontos, bancos em tecido. Com reforço de mola. Carga útil mínima de lixo a ser transportado no coletor compactador é de 3.500 kg. Motor diesel mínímo 04  cilindros. Direção hidráulica. Com COLETOR COMPACTADOR de resíduos sólidos, novo, montado, capacidade mínima de lixo compactado 6 m³, comandos hidráulicos para abertura, descarga e fechamento com comando por alavancas. Sinalização sonora de marcha ré, bomba de acionamento acoplada diretamente a tomada de força do chassi ou por meio de cardan, depósito em chapa de aço sae 1010/20, trava e destrava manual da estrutura da porta traseira acionado por cilindros hidráulicos, força de compactação mínima 8.000 Kgf, força do escudo ejetor mínima 1.300 Kgf,caixa de chorume mínima 90 Litros, teto em chapa lisa, cilindro de dupla ação e sistema de carregamento traseiro, plataforma traseira para mínimo 04 pessoas, garras de sustentação para operadores, taxa de compactação 3:1, iluminação na praça de carga traseira para trabalho noturno, sinalização conforme normas de trânsito. Emplacado. Com entrega técnica.Com logomarca da CODEVASF silkada em local vísivel, conforme modelo no edital. Assistência Técnica Autorizada, para o bem ofertado, tanto para o veículo como para o equipamento, no Estado de Sergipe.  ","und.","Principal",24,264975,6359400]
[7,4294,"Caminhão basculante - novo, zero Km, ano de fabricação mínimo 2019, potência mínima de 180 CV,  PBT mínimo de 16 TON, com ar-condicionado, sistema completo de som, direção hidráulica, com lameiro de borracha, cinto de segurança de 03 (três) pontos. Carga útil com equipamento mínima 10.000 kg,  com caçamba basculante de capacidade volumétrica mínima 6,00 m³,  protetor de cabine, tampa traseira basculante padrão com fechamento automático, assoalho em aço espessura mínima 4,50 mm, laterais em aço espessura mínima 4,50 mm, pinos de cordas nas laterais, frente e traseira. Cilindro hidráulico central com uma ou duas unidades, com mangueiras para conexões, caixa metálica para ferramenta, escada lateral, faixas reflexivas, sistema elétrico e lanternas conforme normas ABNT, faixas reflexivas. Manual em Português. Emplacado. Com entrega técnica. Com logomarca da CODEVASF silkada em local vísivel, conforme modelo no edital. Assistência Técnica Autorizada, para o bem ofertado, tanto para o veículo como para o equipamento, no Estado de Sergipe.  COTA DE 25%. Exclusivo para ME e EPP.","und.","Exclusivo para ME e EPP",9,237596.25,2138366.25]
[8,4294,"Caminhão basculante - novo, zero Km, ano de fabricação mínimo 2019, potência mínima de 180 CV,  PBT mínimo de 16 TON, com ar-condicionado, sistema completo de som, direção hidráulica, com lameiro de borracha, cinto de segurança de 03 (três) pontos. Carga útil com equipamento mínima 10.000 kg,  com caçamba basculante de capacidade volumétrica mínima 6,00 m³,  protetor de cabine, tampa traseira basculante padrão com fechamento automático, assoalho em aço espessura mínima 4,50 mm, laterais em aço espessura mínima 4,50 mm, pinos de cordas nas laterais, frente e traseira. Cilindro hidráulico central com uma ou duas unidades, com mangueiras para conexões, caixa metálica para ferramenta, escada lateral, faixas reflexivas, sistema elétrico e lanternas conforme normas ABNT, faixas reflexivas. Manual em Português. Emplacado. Com entrega técnica. Com logomarca da CODEVASF silkada em local vísivel, conforme modelo no edital. Assistência Técnica Autorizada, para o bem ofertado, tanto para o veículo como para o equipamento, no Estado de Sergipe. ","und.","Principal",27,237596.25,6415098.75]
[9,225486,"Motoniveladora - nova, zero km, ano de fabricação mínimo 2019, com cabine fechada com ar condicionado, motor diesel mínimo 6 cilindros, potência mínima 140 HP ou unidade equivalente, tração 6x4, transmissão mínima 6 x 3, profundidade mínima de corte da lâmina 710 mm, peso operacional mínimo de 13.500 kg, lâmina largura mínima de 3.500 mm. Com logomarca da CODEVASF silkada em local vísivel, conforme modelo no edital. Manual em português.Com entrega técnica. Assistência Técnica Autorizada no Estado de Sergipe.  COTA DE 25%. Exclusivo para ME e EPP.","und.","Exclusivo para ME e EPP",1,499008.01,499008.01]
[10,225486,"Motoniveladora - nova, zero km, ano de fabricação mínimo 2019, com cabine fechada com ar condicionado, motor diesel mínimo 6 cilindros, potência mínima 140 HP ou unidade equivalente, tração 6x4, transmissão mínima 6 x 3, profundidade mínima de corte da lâmina 710 mm, peso operacional mínimo de 13.500 kg, lâmina largura mínima de 3.500 mm. Com logomarca da CODEVASF silkada em local vísivel, conforme modelo no edital. Manual em português.Com entrega técnica. Assistência Técnica Autorizada no Estado de Sergipe. ","und.","Principal",3,499008.01,1497024.03]
[11,73768,"Retroescavadeira sobre rodas, nova, zero km, ano de fabricação mínimo 2019, motor diesel, potência mínima de 85 HP ou unidade equivalente, tração 4x4, peso operacional mínimo:  6.500 kg, capacidade mínima da carregadeira: 0,85 m³, profundidade de escavação mínima de 4,00 m, cabine fechada, isolamento acústico e ar condicionado. Com entrega técnica. Com logomarca da CODEVASF silkada em local vísivel, conforme modelo no edital. Manual em Português. Assistência Técnica Autorizada no Estado de Sergipe.  COTA DE 25%. Exclusivo para ME e EPP.","und.","Exclusivo para ME e EPP",3,222128.22,666384.66]
[12,73768,"Retroescavadeira sobre rodas, nova, zero km, ano de fabricação mínimo 2019, motor diesel, potência mínima de 85 HP ou unidade equivalente, tração 4x4, peso operacional mínimo:  6.500 kg, capacidade mínima da carregadeira: 0,85 m³, profundidade de escavação mínima de 4,00 m, cabine fechada, isolamento acústico e ar condicionado. Com entrega técnica. Com logomarca da CODEVASF silkada em local vísivel, conforme modelo no edital. Manual em Português. Assistência Técnica Autorizada no Estado de Sergipe. ","und.","Principal",9,222128.22,1999153.98]
[13,1937,"Caminhão com carroceria tipo baú: Novo, zero km; Ano de fabricação: ano corrente; Modelo de fabricação: 2019 ou superior; motor com alimentação à diesel;  cor branca; 04 cilindros ou superior; transmissão com o mínimo de 06 (seis) marchas avante e 01 (uma) marcha à ré; potência de 140 CV (115 kW) ou superior; Peso Bruto Total (PBT) mínimo 4.400 kg; Carga útil com equipamento mínima 3.000 kg; capacidade mínima do tanque de combustível de 80 litros; pneus originais de fábrica homologados pela montadora; direção hidráulica; tacógrafo; ar condicionado na cabine do motorista; preparação e instalação de aparelho de som ambiente CD/VDV/Player com entrada USB instalado na cabine do motorista; preparação e instalação de alto-falantes na cabine do motorista; airbag para motorista; cinto de segurança de  03 (três) pontos para motorista e passageiro; todos os equipamentos de segurança exigidos por lei.\nCarroceria fechada tipo caixa de carga (baú), com revestimento externo em chapa duralumínio corrugada nas laterais e fixadas por rebites, teto com chapa inteiriça com 1,00 mm; quadro traseiro fabricado com perfis de chapa de aço, duas portas com abertura total no fundo e 01 (uma) na lateral, assoalho em chapa de 3,0 mm, vergalhão para amarração de cargas, caixa para ferramentas, iluminação  interna e externa conforme CNT, para-choque conforme resolução Contran, protetor lateral, faixas reflexivas, sistema elétrico e lanternas conforme normas ABNT, dimensões compatíveis com as dimensões do veiculo e atendendo a legislação especifica, com volume mínimo de 20 m³, sendo necessário apresentar desenho com as dimensões do veículo e carroceria na apresentação da proposta. Emplacado. Com logomarca da CODEVASF silkada em local vísivel, conforme modelo no edital. O fornecedor deverá possuir Assistência Técnica Autorizada, para o bem ofertado, tanto para o veículo como para o equipamento, no Estado de Sergipe. COTA DE 25% - Exclusivo para ME e EPP.","und.","Exclusivo para ME e EPP",1,158666.67000000001,158666.67000000001]
[14,1937,"Caminhão com carroceria tipo baú: Novo, zero km; Ano de fabricação: ano corrente; Modelo de fabricação: 2019 ou superior; motor com alimentação à diesel;  cor branca; 04 cilindros ou superior; transmissão com o mínimo de 06 (seis) marchas avante e 01 (uma) marcha à ré; potência de 140 CV (115 kW) ou superior; Peso Bruto Total (PBT) mínimo 4.400 kg; Carga útil com equipamento mínima 3.000 kg; capacidade mínima do tanque de combustível de 80 litros; pneus originais de fábrica homologados pela montadora; direção hidráulica; tacógrafo; ar condicionado na cabine do motorista; preparação e instalação de aparelho de som ambiente CD/VDV/Player com entrada USB instalado na cabine do motorista; preparação e instalação de alto-falantes na cabine do motorista; airbag para motorista; cinto de segurança de  03 (três) pontos para motorista e passageiro; todos os equipamentos de segurança exigidos por lei.\nCarroceria fechada tipo caixa de carga (baú), com revestimento externo em chapa duralumínio corrugada nas laterais e fixadas por rebites, teto com chapa inteiriça com 1,00 mm; quadro traseiro fabricado com perfis de chapa de aço, duas portas com abertura total no fundo e 01 (uma) na lateral, assoalho em chapa de 3,0 mm, vergalhão para amarração de cargas, caixa para ferramentas, iluminação  interna e externa conforme CNT, para-choque conforme resolução Contran, protetor lateral, faixas reflexivas, sistema elétrico e lanternas conforme normas ABNT, dimensões compatíveis com as dimensões do veiculo e atendendo a legislação especifica, com volume mínimo de 20 m³, sendo necessário apresentar desenho com as dimensões do veículo e carroceria na apresentação da proposta. Emplacado. Com logomarca da CODEVASF silkada em local vísivel, conforme modelo no edital. O fornecedor deverá possuir Assistência Técnica Autorizada, para o bem ofertado, tanto para o veículo como para o equipamento, no Estado de Sergipe. ","und.","Principal",3,158666.67000000001,476000.01]
["TOTAL",{"$nulls":6},31548882.120000005]